Planning for employment : (Record no. 45387)
[ view plain ]
| 000 -LEADER | |
|---|---|
| fixed length control field | 00883nam a2200253 a 4500 |
| 001 - CONTROL NUMBER | |
| control field | 45387 |
| 003 - CONTROL NUMBER IDENTIFIER | |
| rucl marc code | BD-RjUL |
| 005 - DATE AND TIME OF LATEST TRANSACTION | |
| control field | 20211209054014.0 |
| 008 - FIXED-LENGTH DATA ELEMENTS--GENERAL INFORMATION | |
| fixed length control field | 16 s1935 enk 000 0 eng d |
| 035 ## - SYSTEM CONTROL NUMBER | |
| System control number | (BD-RjUL)45505 |
| 040 ## - CATALOGING SOURCE | |
| Original cataloging agency | DLC |
| Transcribing agency | AFU |
| Modifying agency | BD-RjUL |
| Language of cataloging | eng |
| 041 ## - LANGUAGE CODE | |
| Language code of text/sound track or separate title | eng |
| 082 ## - DEWEY DECIMAL CLASSIFICATION NUMBER | |
| Edition number | 23 |
| Classification number | 338.40942 |
| Author mark and year | PAL 1935 |
| 245 00 - TITLE STATEMENT | |
| Title | Planning for employment : |
| Remainder of title | a preliminary study by some members of Parliament / |
| 260 ## - PUBLICATION, DISTRIBUTION, ETC. (IMPRINT) | |
| Place of publication, distribution, etc. | London : |
| Name of publisher, distributor, etc. | Macmillan & co. ltd, |
| Date of publication, distribution, etc. | 1935 |
| 300 ## - PHYSICAL DESCRIPTION | |
| Pagination | xii, 97 p. ; |
| Size | 20 cm. |
| 500 ## - GENERAL NOTE | |
| General note | Introduction signed: Anthony Crossley, Geoffrey Ellis, C. W. H. Glossop [and eleven others] |
| 650 #0 - SUBJECT ADDED ENTRY--TOPICAL TERM | |
| Topical term or geographic name as entry element | Industrial policy |
| Geographic subdivision | Great Britain |
| 9 (RLIN) | 138958 |
| Topical term or geographic name as entry element | Unemployed |
| Geographic subdivision | Great Britain |
| 9 (RLIN) | 138959 |
| 651 #0 - SUBJECT ADDED ENTRY--GEOGRAPHIC NAME | |
| Geographic name | Great Britain |
| General subdivision | Economic policy |
| 9 (RLIN) | 138960 |
| 700 1# - ADDED ENTRY--PERSONAL NAME | |
| Personal name | Crossley, Anthony Crommelin, |
| Dates associated with a name | 1903-1939. |
| 942 ## - ADDED ENTRY ELEMENTS (KOHA) | |
| Source of classification or shelving scheme | Dewey Decimal Classification |
| Koha item type | Books |
| Lost status | Source of classification or shelving scheme | Damaged status | Not for loan | Collection code | Permanent Location | Current Location | Shelving location | Date acquired | Source of acquisition | Total Checkouts | Full call number | Date last seen | Copy number | Koha item type |
|---|---|---|---|---|---|---|---|---|---|---|---|---|---|---|
| Dewey Decimal Classification | Non-fiction | Central Library, University of Rajshahi | Central Library, University of Rajshahi | 03/11/1961 | Anwar Iqbql Qqureshi | 343.40942 PAL 1935 | 25/07/2016 | C-2 | Books |